[Event "MESRRK"]
[Site "?"]
[Date "2018.05.27"]
[Round "8.12"]
[White "Kolimar, Kristof Pal"]
[Black "Labyk, Illia"]
[Result "1-0"]
[BlackElo "1314"]
[WhiteElo "1715"]
[LiveChessVersion "1.4.8"]

1. Nf3 {[%clk 0:20:18]} Nc6 {[%clk 0:20:19]} 2. d4 {[%clk 0:20:25]} e6
{[%clk 0:20:08]} 3. c4 {[%clk 0:20:32]} Bb4+ {[%clk 0:20:16]} 4. Bd2
{[%clk 0:20:30]} Bxd2+ {[%clk 0:20:25]} 5. Nbxd2 {[%clk 0:20:38]} f5
{[%clk 0:20:34]} 6. g3 {[%clk 0:20:24]} Nf6 {[%clk 0:20:41]} 7. Bg2
{[%clk 0:20:32]} O-O {[%clk 0:20:48]} 8. O-O {[%clk 0:20:27]} b6 {[%clk 0:20:35]}
9. Qc2 {[%clk 0:20:07]} Bb7 {[%clk 0:20:27]} 10. Rac1 {[%clk 0:19:34]} Nb4
{[%clk 0:20:27]} 11. Qb1 {[%clk 0:19:33]} Ne4 {[%clk 0:20:21]} 12. a3
{[%clk 0:19:04]} Nxd2 {[%clk 0:20:29]} 13. Nxd2 {[%clk 0:19:13]} Bxg2
{[%clk 0:20:37]} 14. Kxg2 {[%clk 0:19:22]} Nc6 {[%clk 0:20:46]} 15. Nf3
{[%clk 0:19:27]} Qf6 {[%clk 0:20:54]} 16. Rfd1 {[%clk 0:19:22]} f4
{[%clk 0:20:35]} 17. Qd3 {[%clk 0:19:15]} fxg3 {[%clk 0:20:41]} 18. hxg3
{[%clk 0:19:23]} Qf5 {[%clk 0:20:00]} 19. Qxf5 {[%clk 0:19:04]} Rxf5
{[%clk 0:20:08]} 20. d5 {[%clk 0:18:40]} exd5 {[%clk 0:20:16]} 21. cxd5
{[%clk 0:18:48]} Ne7 {[%clk 0:19:58]} 22. Rxc7 {[%clk 0:18:54]} Nxd5
{[%clk 0:20:06]} 23. Rxd7 {[%clk 0:18:59]} Nf6 {[%clk 0:20:09]} 24. Rd8+
{[%clk 0:18:46]} Rxd8 {[%clk 0:20:17]} 25. Rxd8+ {[%clk 0:18:55]} Kf7
{[%clk 0:20:26]} 26. Ra8 {[%clk 0:18:53]} a5 {[%clk 0:20:26]} 27. Nd4
{[%clk 0:18:30]} Rd5 {[%clk 0:20:27]} 28. e3 {[%clk 0:18:38]} Ng4
{[%clk 0:20:12]} 29. Kf3 {[%clk 0:17:55]} Nh2+ {[%clk 0:19:55]} 30. Ke4
{[%clk 0:17:56]} Rg5 {[%clk 0:19:58]} 31. Rb8 {[%clk 0:17:03]} Rg4+
{[%clk 0:19:56]} 32. Kd3 {[%clk 0:16:26]} Rg6 33. Rb7+ Ke8 {[%clk 0:20:00]} 34.
Nf5 {[%clk 0:16:22]} Kf8 35. Nd4 {[%clk 0:13:31]} Ng4 {[%clk 0:20:04]} 36. Ke2
{[%clk 0:13:40]} Rf6 {[%clk 0:20:05]} 37. f3 {[%clk 0:13:30]} Ne5
{[%clk 0:20:13]} 38. Rc7 {[%clk 0:13:30]} Rh6 {[%clk 0:20:04]} 39. Rc2
{[%clk 0:12:59]} Rh2+ {[%clk 0:19:58]} 40. Kd1 {[%clk 0:13:00]} Rh3
{[%clk 0:19:54]} 41. Rg2 {[%clk 0:12:41]} Rh1+ {[%clk 0:19:47]} 42. Kc2
{[%clk 0:12:31]} Nc4 {[%clk 0:19:38]} 43. Re2 {[%clk 0:12:35]} Rh3
{[%clk 0:19:34]} 44. g4 {[%clk 0:12:04]} Ne5 {[%clk 0:19:23]} 45. Rf2
{[%clk 0:12:08]} Nc4 {[%clk 0:19:32]} 46. Kd3 {[%clk 0:12:13]} Ne5+
{[%clk 0:19:41]} 47. Rc2 {[%clk 0:12:13]} Nf7 {[%clk 0:19:38]} 48. Ne6+
{[%clk 0:12:05]} Ke7 {[%clk 0:19:47]} 49. Rc7+ {[%clk 0:12:12]} Kf6
{[%clk 0:19:57]} 50. Rc6 {[%clk 0:12:05]} Ng5 {[%clk 0:19:40]} 51. Nf4+
{[%clk 0:12:13]} 1-0

[Event "MESRRK"]
[Site "?"]
[Date "2018.05.27"]
[Round "8.13"]
[White "Buchta, Bartolomej"]
[Black "Jura, Michal"]
[Result "1/2-1/2"]
[BlackElo "1264"]
[WhiteElo "1405"]
[LiveChessVersion "1.4.8"]

1. e4 {[%clk 0:20:18]} e5 {[%clk 0:20:19]} 2. Nf3 {[%clk 0:20:25]} Nc6
{[%clk 0:20:27]} 3. Bb5 {[%clk 0:20:34]} Bc5 {[%clk 0:20:35]} 4. O-O
{[%clk 0:20:41]} d6 {[%clk 0:20:42]} 5. h3 {[%clk 0:20:47]} Nf6 {[%clk 0:20:50]}
6. Re1 {[%clk 0:20:56]} O-O {[%clk 0:20:54]} 7. c3 {[%clk 0:21:05]} a6
{[%clk 0:20:56]} 8. Ba4 {[%clk 0:21:08]} b5 {[%clk 0:21:01]} 9. Bb3
{[%clk 0:21:12]} Be6 {[%clk 0:21:10]} 10. d4 {[%clk 0:21:10]} exd4
{[%clk 0:21:14]} 11. cxd4 {[%clk 0:21:18]} Bxb3 {[%clk 0:21:14]} 12. axb3
{[%clk 0:21:23]} Bb6 {[%clk 0:21:20]} 13. Bg5 {[%clk 0:21:26]} h6
{[%clk 0:21:28]} 14. Bh4 {[%clk 0:21:34]} Re8 {[%clk 0:21:33]} 15. Nc3
{[%clk 0:21:16]} Nb4 {[%clk 0:21:20]} 16. e5 {[%clk 0:20:42]} dxe5
{[%clk 0:21:25]} 17. dxe5 {[%clk 0:20:45]} Qxd1 {[%clk 0:21:33]} 18. Raxd1
{[%clk 0:20:48]} Nh7 {[%clk 0:21:29]} 19. Nd5 {[%clk 0:20:27]} Nxd5
{[%clk 0:21:31]} 20. Rxd5 {[%clk 0:20:35]} f6 {[%clk 0:21:23]} 21. e6
{[%clk 0:20:39]} Nf8 {[%clk 0:21:24]} 22. Nd4 {[%clk 0:20:07]} Bxd4
{[%clk 0:21:29]} 23. Rxd4 {[%clk 0:20:16]} Rxe6 {[%clk 0:21:27]} 24. Rc1
{[%clk 0:20:04]} Rc8 {[%clk 0:21:20]} 25. Bg3 {[%clk 0:19:56]} c6
{[%clk 0:21:20]} 26. Ra1 {[%clk 0:19:18]} Re2 {[%clk 0:20:56]} 27. Ra2
{[%clk 0:18:26]} Ne6 {[%clk 0:20:49]} 28. Rd7 {[%clk 0:18:28]} Nc5
{[%clk 0:20:37]} 29. Ra7 {[%clk 0:18:10]} Nxb3 {[%clk 0:19:53]} 30. R2xa6
{[%clk 0:17:48]} Rxb2 {[%clk 0:19:47]} 31. Kf1 {[%clk 0:16:25]} c5
{[%clk 0:19:38]} 32. Rb6 {[%clk 0:16:00]} Nd4 {[%clk 0:19:18]} 33. Ke1
{[%clk 0:15:13]} c4 {[%clk 0:19:12]} 34. Rbb7 {[%clk 0:14:52]} Nf5
{[%clk 0:18:42]} 35. Bf4 {[%clk 0:14:03]} c3 {[%clk 0:18:50]} 36. Bc1
{[%clk 0:12:39]} Rb1 {[%clk 0:18:32]} 37. Kd1 {[%clk 0:12:48]} c2+
{[%clk 0:18:39]} 38. Kd2 {[%clk 0:12:57]} Kh8 {[%clk 0:18:22]} 39. Rc7
{[%clk 0:12:07]} Rxc7 {[%clk 0:17:58]} 40. Rxc7 {[%clk 0:12:15]} Nd4
{[%clk 0:18:04]} 41. Ba3 {[%clk 0:11:28]} Rd1+ {[%clk 0:17:54]} 42. Ke3
{[%clk 0:11:06]} Nb3 {[%clk 0:17:53]} 43. Rxc2 {[%clk 0:11:09]} Ra1
{[%clk 0:17:52]} 44. Bd6 {[%clk 0:10:44]} Re1+ {[%clk 0:17:53]} 45. Kf4
{[%clk 0:10:15]} g5+ {[%clk 0:17:56]} 46. Kg4 {[%clk 0:10:17]} Kg7
{[%clk 0:17:16]} 47. Kh5 {[%clk 0:09:52]} Nd4 {[%clk 0:16:25]} 48. Rc7+
{[%clk 0:09:55]} Kg8 {[%clk 0:16:27]} 49. Kg6 {[%clk 0:09:12]} Re8
{[%clk 0:16:29]} 50. Rg7+ {[%clk 0:07:23]} Kh8 {[%clk 0:16:36]} 51. Rh7+
{[%clk 0:06:56]} Kg8 {[%clk 0:16:44]} 52. Rg7+ {[%clk 0:07:05]} Kh8
{[%clk 0:16:53]} 53. Rh7+ {[%clk 0:07:03]} Kg8 {[%clk 0:17:01]} 54. Rg7+
{[%clk 0:07:11]} Kh8 {[%clk 0:17:10]} 55. Rh7+ {[%clk 0:07:19]} 1/2-1/2

[Event "MESRRK"]
[Site "?"]
[Date "2018.05.27"]
[Round "8.15"]
[White "Vargosko, Juraj"]
[Black "Sahidi, Sear"]
[Result "1-0"]
[BlackElo "1129"]
[WhiteElo "1430"]
[LiveChessVersion "1.4.8"]

1. e4 {[%clk 0:20:17]} e5 {[%clk 0:20:19]} 2. Nf3 {[%clk 0:20:24]} Nc6
{[%clk 0:20:28]} 3. Bb5 {[%clk 0:20:33]} Nf6 {[%clk 0:20:34]} 4. Bxc6
{[%clk 0:20:41]} dxc6 {[%clk 0:20:42]} 5. Nc3 {[%clk 0:20:44]} Bc5
{[%clk 0:20:49]} 6. d3 {[%clk 0:20:22]} Qe7 {[%clk 0:20:52]} 7. h3
{[%clk 0:19:54]} O-O {[%clk 0:20:56]} 8. O-O {[%clk 0:20:01]} Be6
{[%clk 0:20:39]} 9. Bg5 {[%clk 0:17:56]} h6 {[%clk 0:20:33]} 10. Bh4
{[%clk 0:18:01]} Bd4 {[%clk 0:19:51]} 11. Nxd4 {[%clk 0:17:44]} exd4
{[%clk 0:19:58]} 12. Ne2 {[%clk 0:17:39]} Rad8 {[%clk 0:18:56]} 13. e5
{[%clk 0:17:37]} g5 {[%clk 0:19:01]} 14. exf6 {[%clk 0:17:44]} Qxf6
{[%clk 0:19:09]} 15. Bg3 {[%clk 0:17:45]} Rd7 {[%clk 0:18:57]} 16. Nc1
{[%clk 0:16:55]} Re8 {[%clk 0:18:22]} 17. Nb3 {[%clk 0:16:46]} Bxb3
{[%clk 0:18:05]} 18. axb3 {[%clk 0:16:53]} a6 {[%clk 0:18:08]} 19. Qd2
{[%clk 0:16:13]} Rde7 {[%clk 0:17:15]} 20. Rfe1 {[%clk 0:15:58]} Rxe1+
{[%clk 0:14:12]} 21. Rxe1 {[%clk 0:16:03]} Rxe1+ {[%clk 0:14:19]} 22. Qxe1
{[%clk 0:16:10]} Qd8 {[%clk 0:14:06]} 23. Qe5 {[%clk 0:16:18]} Kf8
{[%clk 0:13:59]} 24. Qxc7 {[%clk 0:16:25]} Qxc7 {[%clk 0:14:08]} 25. Bxc7
{[%clk 0:16:34]} Ke7 {[%clk 0:14:15]} 26. Bg3 {[%clk 0:16:37]} Ke6
{[%clk 0:14:20]} 27. Kf1 {[%clk 0:16:45]} Kd5 {[%clk 0:14:29]} 28. Ke2
{[%clk 0:16:52]} b5 {[%clk 0:14:35]} 29. Kd2 {[%clk 0:16:53]} a5 {[%clk 0:14:34]}
30. Bc7 {[%clk 0:16:52]} a4 {[%clk 0:14:38]} 31. bxa4 {[%clk 0:17:00]} bxa4
{[%clk 0:14:45]} 32. Ba5 {[%clk 0:16:31]} h5 {[%clk 0:14:19]} 33. Bb4
{[%clk 0:16:32]} c5 {[%clk 0:14:05]} 34. Ba3 {[%clk 0:16:40]} f5 {[%clk 0:14:06]}
35. b3 {[%clk 0:16:49]} axb3 {[%clk 0:14:10]} 36. cxb3 {[%clk 0:16:57]} g4
{[%clk 0:14:12]} 37. hxg4 {[%clk 0:17:02]} fxg4 {[%clk 0:14:16]} 38. Ke2
{[%clk 0:16:56]} Kc6 {[%clk 0:14:14]} 39. f3 {[%clk 0:17:03]} g3 {[%clk 0:14:16]}
40. f4 {[%clk 0:17:12]} Kd5 {[%clk 0:14:24]} 41. Kf3 {[%clk 0:17:21]} h4
{[%clk 0:14:28]} 42. Kg4 {[%clk 0:17:22]} Kd6 {[%clk 0:14:04]} 43. Kxh4
{[%clk 0:17:29]} Kd5 {[%clk 0:13:30]} 44. Kxg3 {[%clk 0:17:33]} Kd6
{[%clk 0:13:31]} 45. Kg4 {[%clk 0:17:42]} Kc6 {[%clk 0:13:11]} 46. f5
{[%clk 0:17:50]} Kd6 {[%clk 0:13:20]} 47. Kg5 {[%clk 0:17:59]} Ke7
{[%clk 0:13:28]} 48. Bxc5+ {[%clk 0:18:07]} Kf7 {[%clk 0:13:36]} 49. b4
{[%clk 0:18:15]} Ke8 {[%clk 0:13:44]} 50. b5 {[%clk 0:18:24]} Kf7
{[%clk 0:13:52]} 51. b6 {[%clk 0:18:33]} Ke8 {[%clk 0:14:00]} 52. b7
{[%clk 0:18:41]} Kd7 {[%clk 0:14:05]} 53. b8=Q {[%clk 0:18:33]} Kc6
{[%clk 0:14:08]} 54. Qc8+ {[%clk 0:18:32]} Kd5 {[%clk 0:14:11]} 55. Bxd4
{[%clk 0:18:41]} Kxd4 {[%clk 0:14:16]} 56. f6 {[%clk 0:18:49]} Kxd3
{[%clk 0:14:24]} 57. f7 {[%clk 0:18:57]} Kd4 {[%clk 0:14:32]} 58. f8=Q
{[%clk 0:19:03]} Ke4 {[%clk 0:14:37]} 59. Qe6+ {[%clk 0:19:10]} Kd4
{[%clk 0:14:46]} 60. Qd8+ {[%clk 0:19:19]} Kc5 {[%clk 0:14:54]} 61. Qed6+
{[%clk 0:19:22]} Kc4 {[%clk 0:15:01]} 62. Q8c7+ {[%clk 0:19:30]} Kb5
{[%clk 0:15:09]} 63. Qdb6+ {[%clk 0:19:39]} Ka4 {[%clk 0:15:17]} 64. Qca7# 1-0

[Event "MESRRK"]
[Site "?"]
[Date "2018.05.27"]
[Round "8.16"]
[White "Visvader, Kristof"]
[Black "Orgon, Jakub"]
[Result "1/2-1/2"]
[BlackElo "1379"]
[WhiteElo "1280"]
[LiveChessVersion "1.4.8"]

1. e4 {[%clk 0:20:17]} c5 {[%clk 0:20:19]} 2. Nf3 {[%clk 0:20:26]} d6
{[%clk 0:20:28]} 3. d4 {[%clk 0:20:35]} cxd4 {[%clk 0:20:37]} 4. Nxd4
{[%clk 0:20:43]} Nf6 {[%clk 0:20:46]} 5. Nc3 {[%clk 0:20:50]} g6 {[%clk 0:20:55]}
6. Bg5 {[%clk 0:20:56]} Bg7 {[%clk 0:21:03]} 7. Bb5+ {[%clk 0:21:00]} Bd7
{[%clk 0:21:12]} 8. Bxd7+ {[%clk 0:21:08]} Qxd7 {[%clk 0:21:20]} 9. Qd2
{[%clk 0:21:06]} O-O {[%clk 0:21:27]} 10. Bh6 {[%clk 0:21:12]} Nc6
{[%clk 0:21:36]} 11. Bxg7 {[%clk 0:21:16]} Kxg7 {[%clk 0:21:45]} 12. O-O
{[%clk 0:21:21]} Rac8 {[%clk 0:21:28]} 13. Rfe1 {[%clk 0:21:24]} Rfd8
{[%clk 0:21:28]} 14. Nxc6 {[%clk 0:21:20]} Qxc6 {[%clk 0:21:31]} 15. Rad1 a6 16.
e5 {[%clk 0:21:24]} Ng4 {[%clk 0:20:32]} 17. Qd4 {[%clk 0:19:47]} Nxe5
{[%clk 0:14:47]} 1/2-1/2

[Event "MESRRK"]
[Site "?"]
[Date "2018.05.27"]
[Round "8.17"]
[White "Gabor, Mariya"]
[Black "Matusik, Ondrej"]
[Result "1/2-1/2"]
[BlackElo "1251"]
[WhiteElo "1266"]
[LiveChessVersion "1.4.8"]

1. e4 {[%clk 0:20:18]} c5 {[%clk 0:20:09]} 2. d4 {[%clk 0:20:27]} cxd4
{[%clk 0:20:10]} 3. c3 {[%clk 0:20:35]} dxc3 {[%clk 0:20:17]} 4. Nxc3
{[%clk 0:20:43]} Nc6 {[%clk 0:20:17]} 5. Nf3 {[%clk 0:20:51]} Nf6
{[%clk 0:20:23]} 6. Bc4 {[%clk 0:20:55]} e6 {[%clk 0:20:30]} 7. O-O
{[%clk 0:21:00]} Bb4 {[%clk 0:20:35]} 8. Qe2 {[%clk 0:20:31]} a6 {[%clk 0:20:00]}
9. Rd1 {[%clk 0:20:16]} O-O {[%clk 0:19:49]} 10. Bg5 {[%clk 0:20:23]} Re8
{[%clk 0:19:18]} 11. e5 {[%clk 0:20:23]} h6 {[%clk 0:19:17]} 12. Bh4
{[%clk 0:20:28]} g5 {[%clk 0:19:18]} 13. Nxg5 {[%clk 0:20:34]} hxg5
{[%clk 0:19:17]} 14. Bxg5 {[%clk 0:20:40]} Be7 {[%clk 0:18:36]} 15. exf6
{[%clk 0:19:41]} Bxf6 {[%clk 0:18:44]} 16. Bh6 {[%clk 0:19:40]} Ne5
{[%clk 0:18:07]} 17. Bd3 {[%clk 0:17:00]} Bg5 {[%clk 0:17:42]} 18. Qxe5
{[%clk 0:16:16]} Bxh6 {[%clk 0:17:37]} 19. Qh5 {[%clk 0:16:00]} Qg5
{[%clk 0:17:21]} 20. Qxg5+ {[%clk 0:15:21]} Bxg5 {[%clk 0:17:30]} 21. Ne4
{[%clk 0:15:24]} Be7 {[%clk 0:17:20]} 22. Bc2 {[%clk 0:14:35]} d5
{[%clk 0:17:23]} 23. Nc3 {[%clk 0:14:33]} Bd7 {[%clk 0:17:12]} 24. Rd3
{[%clk 0:14:05]} Bd6 {[%clk 0:16:49]} 25. Ne4 {[%clk 0:13:33]} Be5
{[%clk 0:15:56]} 26. Nc5 {[%clk 0:11:36]} Bb5 {[%clk 0:15:30]} 27. Rb3
{[%clk 0:10:38]} Rac8 {[%clk 0:14:47]} 28. Nd3 {[%clk 0:09:18]} Bxh2+
{[%clk 0:14:46]} 29. Kxh2 {[%clk 0:09:17]} Rxc2 {[%clk 0:14:52]} 30. Rd1
{[%clk 0:07:53]} Kg7 {[%clk 0:14:27]} 31. a4 {[%clk 0:06:53]} Bxa4
{[%clk 0:14:01]} 32. Rxb7 {[%clk 0:06:59]} Rxb2 {[%clk 0:14:01]} 33. Nxb2
{[%clk 0:07:05]} Bxd1 {[%clk 0:14:09]} 34. Nxd1 {[%clk 0:07:14]} Ra8
{[%clk 0:14:15]} 1/2-1/2

[Event "MESRRK"]
[Site "?"]
[Date "2018.05.27"]
[Round "8.18"]
[White "Polomsky, Tomas"]
[Black "Carnecky, Viliam"]
[Result "1-0"]
[BlackElo "1191"]
[WhiteElo "1254"]
[LiveChessVersion "1.4.8"]

1. e4 {[%clk 0:20:19]} e5 {[%clk 0:20:19]} 2. d4 {[%clk 0:20:27]} exd4
{[%clk 0:20:17]} 3. Qxd4 {[%clk 0:20:34]} Nf6 {[%clk 0:20:23]} 4. Nc3
{[%clk 0:19:46]} Nc6 {[%clk 0:20:29]} 5. Qe3 {[%clk 0:19:50]} b6 {[%clk 0:20:34]}
6. e5 {[%clk 0:19:55]} Bc5 {[%clk 0:20:32]} 7. Qe2 {[%clk 0:19:25]} Nd4
{[%clk 0:20:19]} 8. Qd1 {[%clk 0:19:06]} Qe7 {[%clk 0:20:11]} 9. f4
{[%clk 0:18:46]} d6 {[%clk 0:20:07]} 10. Nf3 {[%clk 0:15:26]} Nxf3+
{[%clk 0:20:10]} 11. Qxf3 {[%clk 0:15:34]} Rb8 {[%clk 0:19:40]} 12. Qc6+
{[%clk 0:14:42]} Nd7 {[%clk 0:18:22]} 13. Nd5 {[%clk 0:14:20]} Qd8
{[%clk 0:17:01]} 14. Qxc7 {[%clk 0:12:52]} Bb4+ {[%clk 0:15:54]} 15. c3
{[%clk 0:12:51]} Bc5 {[%clk 0:15:56]} 16. Qxd8+ {[%clk 0:12:49]} Kxd8
{[%clk 0:15:59]} 17. b4 {[%clk 0:12:57]} Bb7 {[%clk 0:16:03]} 18. Bc4
{[%clk 0:12:44]} b5 {[%clk 0:15:53]} 19. Bb3 {[%clk 0:12:53]} Bxd5
{[%clk 0:15:39]} 20. Bxd5 {[%clk 0:13:01]} Bb6 {[%clk 0:15:47]} 21. exd6
{[%clk 0:12:07]} Re8+ {[%clk 0:15:26]} 22. Kd1 {[%clk 0:11:55]} f6
{[%clk 0:15:20]} 23. Re1 {[%clk 0:11:26]} Rxe1+ {[%clk 0:15:08]} 24. Kxe1
{[%clk 0:11:35]} f5 {[%clk 0:14:48]} 25. Ke2 {[%clk 0:11:28]} Nf6
{[%clk 0:14:51]} 26. Be6 Ke8 27. Bxf5 {[%clk 0:10:41]} Rd8 {[%clk 0:14:53]} 28.
Be3 {[%clk 0:10:34]} Bxe3 {[%clk 0:14:53]} 29. Kxe3 {[%clk 0:10:42]} Rxd6
{[%clk 0:15:01]} 30. Re1 {[%clk 0:10:39]} g6 {[%clk 0:14:58]} 31. Bd3
{[%clk 0:10:34]} Kd8 {[%clk 0:14:18]} 32. Bxb5 {[%clk 0:10:28]} Re6+
{[%clk 0:14:22]} 33. Kd2 {[%clk 0:10:27]} Rd6+ {[%clk 0:14:15]} 34. Kc2
{[%clk 0:10:08]} Kc7 {[%clk 0:14:19]} 35. Re7+ {[%clk 0:10:05]} Kb6
{[%clk 0:14:25]} 36. Re5 {[%clk 0:09:50]} Nd5 {[%clk 0:14:20]} 37. c4
{[%clk 0:09:32]} Nxb4+ {[%clk 0:14:20]} 38. Kb3 {[%clk 0:09:41]} Nd3
{[%clk 0:14:10]} 39. Re4 {[%clk 0:08:22]} Nc5+ {[%clk 0:14:13]} 40. Kb4
{[%clk 0:08:29]} Nxe4 {[%clk 0:14:19]} 41. a4 {[%clk 0:08:24]} a5+
{[%clk 0:14:23]} 42. Kb3 {[%clk 0:08:27]} Rd3+ {[%clk 0:14:20]} 43. Kc2
{[%clk 0:08:35]} Nf2 {[%clk 0:14:02]} 44. c5+ {[%clk 0:08:33]} Kxc5
{[%clk 0:14:07]} 45. Bxd3 {[%clk 0:08:42]} Nxd3 {[%clk 0:14:14]} 46. Kxd3
{[%clk 0:08:50]} Kb4 {[%clk 0:14:23]} 47. Kc2 {[%clk 0:08:55]} Kxa4
{[%clk 0:14:32]} 48. Kc3 {[%clk 0:09:04]} Ka3 {[%clk 0:14:40]} 49. g4
{[%clk 0:09:09]} a4 {[%clk 0:14:44]} 50. f5 {[%clk 0:09:17]} Ka2 {[%clk 0:14:36]}
51. f6 {[%clk 0:09:20]} Kb1 {[%clk 0:14:44]} 52. f7 {[%clk 0:09:22]} a3
{[%clk 0:14:53]} 53. f8=Q {[%clk 0:09:29]} a2 {[%clk 0:15:01]} 54. Qf1# 1-0

[Event "MESRRK"]
[Site "?"]
[Date "2018.05.27"]
[Round "8.19"]
[White "Novomeska, Karin"]
[Black "Sowinski, Wojciech"]
[Result "0-1"]
[BlackElo "1115"]
[WhiteElo "1192"]
[LiveChessVersion "1.4.8"]

1. d4 {[%clk 0:20:19]} d5 {[%clk 0:20:00]} 2. e3 {[%clk 0:20:25]} Bf5
{[%clk 0:20:05]} 3. c4 {[%clk 0:20:27]} e6 {[%clk 0:20:08]} 4. Nc3
{[%clk 0:20:32]} Nf6 {[%clk 0:20:16]} 5. Nf3 {[%clk 0:20:32]} c6 {[%clk 0:20:19]}
6. cxd5 {[%clk 0:20:14]} cxd5 {[%clk 0:20:14]} 7. Bb5+ {[%clk 0:20:15]} Nbd7
{[%clk 0:20:18]} 8. O-O {[%clk 0:19:43]} a6 {[%clk 0:20:27]} 9. Ba4
{[%clk 0:19:29]} b5 {[%clk 0:20:32]} 10. Bb3 {[%clk 0:19:37]} Bb4
{[%clk 0:20:26]} 11. a3 {[%clk 0:19:36]} Ba5 {[%clk 0:20:33]} 12. Bc2
{[%clk 0:19:08]} Bg6 {[%clk 0:20:37]} 13. b4 {[%clk 0:19:05]} Bb6
{[%clk 0:20:46]} 14. Re1 {[%clk 0:18:47]} Ba7 {[%clk 0:19:24]} 15. e4
{[%clk 0:16:39]} Nb6 {[%clk 0:19:15]} 16. Ne5 {[%clk 0:15:13]} Qc8
{[%clk 0:16:08]} 17. Bb2 {[%clk 0:13:53]} Nc4 18. Nxc4 dxc4 {[%clk 0:13:01]} 19.
d5 {[%clk 0:11:32]} O-O {[%clk 0:12:34]} 20. dxe6 {[%clk 0:10:32]} Qxe6
{[%clk 0:12:31]} 21. h3 {[%clk 0:08:27]} Qb6 {[%clk 0:12:08]} 22. Qf3
{[%clk 0:06:50]} Rad8 {[%clk 0:10:18]} 23. Rad1 Bh5 {[%clk 0:08:58]} 24. g4
{[%clk 0:06:22]} Bg6 {[%clk 0:08:38]} 25. Bb1 {[%clk 0:04:08]} Rfe8
{[%clk 0:07:05]} 26. e5 {[%clk 0:03:07]} Nd7 {[%clk 0:04:25]} 27. Bxg6
{[%clk 0:02:49]} hxg6 {[%clk 0:03:25]} 28. Nd5 {[%clk 0:02:19]} Qb7
{[%clk 0:02:43]} 29. Bc3 {[%clk 0:02:08]} Nb6 {[%clk 0:02:16]} 30. Re2
{[%clk 0:01:30]} Nxd5 {[%clk 0:02:22]} 31. Red2 {[%clk 0:01:30]} Qb6
{[%clk 0:01:59]} 32. Bd4 {[%clk 0:01:26]} Qc7 {[%clk 0:02:05]} 33. Bxa7
{[%clk 0:01:33]} Qxa7 {[%clk 0:02:14]} 34. Rxd5 {[%clk 0:01:40]} Rxd5
{[%clk 0:02:22]} 35. Rxd5 {[%clk 0:01:47]} Qc7 {[%clk 0:02:27]} 36. Qc3
{[%clk 0:01:42]} Qc6 {[%clk 0:02:24]} 37. Rd6 {[%clk 0:01:39]} Qe4
{[%clk 0:02:24]} 38. f3 {[%clk 0:01:11]} Qxe5 {[%clk 0:02:28]} 39. Qxe5
{[%clk 0:01:19]} Rxe5 {[%clk 0:02:36]} 40. Rd8+ {[%clk 0:01:28]} Kh7
{[%clk 0:02:45]} 41. Rc8 {[%clk 0:01:30]} Re3 {[%clk 0:02:52]} 42. Kf2
{[%clk 0:01:35]} Rxa3 {[%clk 0:03:01]} 43. Rc6 {[%clk 0:01:39]} Ra4
{[%clk 0:03:10]} 44. Ke3 {[%clk 0:01:44]} Rxb4 {[%clk 0:03:17]} 45. Rxa6
{[%clk 0:01:52]} Kh6 {[%clk 0:03:24]} 46. h4 {[%clk 0:02:00]} f6 {[%clk 0:03:30]}
47. Kd4 {[%clk 0:02:00]} Rb3 {[%clk 0:03:39]} 48. Ke4 {[%clk 0:02:08]} Rb1
{[%clk 0:03:38]} 49. Kf4 {[%clk 0:02:07]} c3 50. Rc6 b4 {[%clk 0:03:54]} 51. Rc4
{[%clk 0:02:21]} Rb2 {[%clk 0:03:50]} 52. Kg3 {[%clk 0:02:11]} c2
{[%clk 0:03:58]} 53. Kf4 {[%clk 0:02:09]} b3 {[%clk 0:04:01]} 54. Ke3
{[%clk 0:02:13]} Rb1 {[%clk 0:04:00]} 55. Kd2 {[%clk 0:02:20]} c1=Q+
{[%clk 0:04:03]} 56. Rxc1 {[%clk 0:02:29]} Rxc1 {[%clk 0:04:12]} 57. Kxc1
{[%clk 0:02:37]} g5 {[%clk 0:04:21]} 58. h5 {[%clk 0:02:44]} g6 {[%clk 0:04:29]}
59. hxg6 {[%clk 0:02:48]} Kxg6 60. Kb2 {[%clk 0:02:56]} f5 {[%clk 0:04:47]} 61.
Kxb3 {[%clk 0:03:01]} fxg4 {[%clk 0:04:47]} 62. fxg4 {[%clk 0:03:10]} Kf6
{[%clk 0:04:56]} 63. Kc3 {[%clk 0:03:19]} Ke5 {[%clk 0:05:05]} 64. Kd3
{[%clk 0:03:27]} Kf4 {[%clk 0:05:14]} 65. Ke2 {[%clk 0:03:36]} Kxg4
{[%clk 0:05:23]} 66. Kf2 {[%clk 0:03:45]} Kf4 {[%clk 0:05:30]} 67. Kg2
{[%clk 0:03:49]} Kg4 {[%clk 0:05:38]} 68. Kh2 {[%clk 0:03:57]} Kf3
{[%clk 0:05:47]} 69. Kg1 {[%clk 0:04:05]} g4 {[%clk 0:05:49]} 70. Kf1
{[%clk 0:04:14]} Kg3 {[%clk 0:05:49]} 71. Kg1 {[%clk 0:04:23]} Kf3
{[%clk 0:05:56]} 72. Kf1 {[%clk 0:04:32]} g3 {[%clk 0:06:03]} 73. Kg1
{[%clk 0:04:40]} g2 {[%clk 0:06:12]} 74. Kh2 {[%clk 0:04:47]} Kf2
{[%clk 0:06:21]} 75. Kh3 {[%clk 0:04:55]} g1=Q {[%clk 0:06:28]} 76. Kh4
{[%clk 0:05:03]} Kf3 {[%clk 0:06:37]} 77. Kh5 {[%clk 0:05:12]} Kf4
{[%clk 0:06:47]} 78. Kh6 {[%clk 0:05:20]} Kf5 {[%clk 0:06:56]} 79. Kh7
{[%clk 0:05:29]} Kf6 {[%clk 0:07:05]} 80. Kh8 {[%clk 0:05:38]} Qg7# 0-1

[Event "MESRRK"]
[Site "?"]
[Date "2018.05.27"]
[Round "8.20"]
[White "Sekova, Olivia"]
[Black "Horvathova, Hana"]
[Result "0-1"]
[BlackElo "1140"]
[WhiteElo "1031"]
[LiveChessVersion "1.4.8"]

1. e4 {[%clk 0:20:17]} e5 {[%clk 0:20:18]} 2. Nf3 {[%clk 0:20:04]} Nc6
{[%clk 0:20:23]} 3. Bb5 {[%clk 0:19:34]} d6 {[%clk 0:20:26]} 4. d4
{[%clk 0:19:08]} a6 {[%clk 0:19:37]} 5. Ba4 {[%clk 0:17:18]} b5 {[%clk 0:19:39]}
6. Bb3 {[%clk 0:16:59]} exd4 {[%clk 0:19:21]} 7. Nxd4 {[%clk 0:17:02]} Nxd4
{[%clk 0:19:11]} 8. Qxd4 {[%clk 0:17:01]} Nf6 {[%clk 0:18:39]} 9. Nc3
{[%clk 0:15:25]} Bb7 {[%clk 0:18:31]} 10. O-O {[%clk 0:14:22]} Be7
{[%clk 0:18:29]} 11. Bf4 {[%clk 0:12:03]} O-O {[%clk 0:18:26]} 12. Rfe1
{[%clk 0:11:20]} c5 {[%clk 0:17:04]} 13. Qd2 {[%clk 0:07:40]} Qc7
{[%clk 0:15:47]} 14. a3 {[%clk 0:06:44]} Qc6 {[%clk 0:15:22]} 15. f3
{[%clk 0:06:01]} Rfe8 {[%clk 0:14:22]} 16. Rad1 {[%clk 0:05:30]} Rad8
{[%clk 0:13:57]} 17. Qe2 {[%clk 0:03:35]} Qc8 {[%clk 0:12:41]} 18. Rd2
{[%clk 0:02:36]} c4 {[%clk 0:11:39]} 19. Ba2 {[%clk 0:02:27]} h6 {[%clk 0:10:38]}
20. Red1 {[%clk 0:01:57]} d5 {[%clk 0:08:38]} 21. Kh1 {[%clk 0:01:18]} dxe4
{[%clk 0:08:16]} 22. Rxd8 {[%clk 0:00:15]} Bxd8 {[%clk 0:08:05]} 0-1